000 00368nam a2200169Ia 4500
003 0STCL
008 150530s9999 xx 000 0 und d
040 _aSTCL
_cSTCL
100 _aMarlowe; Knox, R.S.; Ed
245 _aEdward the second
250 _aFirst
260 _c1975
546 _aEnglish
942 _2ddc
_cBK
999 _c56336
_d56336
005 20220125171007.0